[Event "Lienz op-A 18th"]
[Site "Lienz"]
[Date "2015.02.13"]
[Round "8"]
[White "Neumann, Han HWM"]
[Black "Horvath, Dominik"]
[Result "1/2-1/2"]
[WhiteElo "2081"]
[BlackElo "1962"]
[PlyCount "62"]
[EventDate "2015.02.07"]
[EventType "swiss"]
[EventRounds "9"]
[EventCountry "AUT"]
[SourceTitle "CBM 164 Extra"]
[Source "ChessBase"]
[SourceDate "2015.03.02"]
[SourceVersion "1"]
[SourceVersionDate "2015.03.02"]
[SourceQuality "1"]

1. e4 c5 2. Nf3 Nc6 3. d4 cxd4 4. Nxd4 e5 5. Nb5 d6 6. N1c3 a6 7. Na3 Be7 8. Nc4 b5 9. Ne3 Nf6 10. Ned5 0-0 11. Be2 Nxd5 12. Nxd5 Bg5 13. c3 Bxc1 14. Qxc1 Be6 15. Qd2 Ne7 16. Nxe7+ Qxe7 17. 0-0 Rfd8 18. Bf3 Rab8 19. Rfd1 Qc7 20. h3 Qc5 21. Bg4 Bxg4 22. hxg4 b4 23. cxb4 Qxb4 24. Qxb4 Rxb4 25. Rac1 Kf8 26. Rc6 Ke7 27. Rxa6 Rxe4 28. f3 Re2 29. b4 Rc8 30. Rdxd6 Rcc2 31. Rdb6 Rxg2+ 1/2-1/2

[Event "Lienz op-A 18th"]
[Site "Lienz"]
[Date "2015.02.12"]
[Round "7"]
[White "Antoniacci, Ricardo"]
[Black "Neumann, Han HWM"]
[Result "1/2-1/2"]
[WhiteElo "1825"]
[BlackElo "2081"]
[PlyCount "40"]
[EventDate "2015.02.07"]
[EventType "swiss"]
[EventRounds "9"]
[EventCountry "AUT"]
[SourceTitle "CBM 164 Extra"]
[Source "ChessBase"]
[SourceDate "2015.03.02"]
[SourceVersion "1"]
[SourceVersionDate "2015.03.02"]
[SourceQuality "1"]

1. e4 c5 2. Nf3 g6 3. d4 cxd4 4. Nxd4 Nc6 5. Be3 Bg7 6. c4 Nf6 7. Nc3 Ng4 8. Qxg4 Nxd4 9. Qd1 Ne6 10. Be2 d6 11. 0-0 Bd7 12. Rc1 0-0 13. Qd2 Bc6 14. f3 a5 15. b3 Nc5 16. Rfd1 Re8 17. Bd4 Qb8 18. Qe3 Bxd4 19. Qxd4 Ne6 20. Qe3 Qa7 1/2-1/2

[Event "Lienz op-A 18th"]
[Site "Lienz"]
[Date "2015.02.11"]
[Round "6"]
[White "Neumann, Han HWM"]
[Black "Arztmann, Nils"]
[Result "1/2-1/2"]
[WhiteElo "2081"]
[BlackElo "1993"]
[PlyCount "107"]
[EventDate "2015.02.07"]
[EventType "swiss"]
[EventRounds "9"]
[EventCountry "AUT"]
[SourceTitle "CBM 164 Extra"]
[Source "ChessBase"]
[SourceDate "2015.03.02"]
[SourceVersion "1"]
[SourceVersionDate "2015.03.02"]
[SourceQuality "1"]

1. e4 e5 2. Nf3 Nc6 3. Nc3 Nf6 4. a3 d5 5. Bb5 Nxe4 6. 0-0 Nxc3 7. dxc3 Bg4 8. Qe1 e4 9. Ne5 Bd7 10. Bxc6 Bxc6 11. f3 Bc5+ 12. Kh1 Qe7 13. Nxc6 bxc6 14. fxe4 Qxe4 15. Qg3 0-0 16. Qxc7 Rac8 17. Qb7 Qxc2 18. Bf4 Qg6 19. Rf3 Rce8 20. b4 Re7 21. Qa6 Bb6 22. Raf1 Rfe8 23. a4 Bc7 24. Rg3 Qc2 25. Bxc7 Rxc7 26. b5 Qe2 27. Kg1 Qc4 28. Qa5 Qc5+ 29. Kh1 Rce7 30. Rgf3 Re1 31. Qc7 Rxf1+ 32. Rxf1 Qf2 33. Rg1 g6 34. h3 Re1 35. Rxe1 Qxe1+ 36. Kh2 cxb5 37. axb5 Qe3 38. Qd8+ Kg7 39. Qxd5 Qxc3 40. Qc6 Qe5+ 41. Kh1 Qa1+ 42. Kh2 Qd4 43. Kh1 g5 44. Qc7 h6 45. Qb8 Qc5 46. Qe8 Qc1+ 47. Kh2 Qf4+ 48. Kh1 Qd4 49. Qa8 Qc5 50. Qe8 Qc1+ 51. Kh2 Qc7+ 52. Kh1 Qc5 53. Qc6 Qd4 54. Qe8 1/2-1/2

[Event "Lienz op-A 18th"]
[Site "Lienz"]
[Date "2015.02.08"]
[Round "3"]
[White "Amon, Hannes"]
[Black "Neumann, Han HWM"]
[Result "1/2-1/2"]
[WhiteElo "1962"]
[BlackElo "2081"]
[PlyCount "22"]
[EventDate "2015.02.07"]
[EventType "swiss"]
[EventRounds "9"]
[EventCountry "AUT"]
[SourceTitle "CBM 164 Extra"]
[Source "ChessBase"]
[SourceDate "2015.03.02"]
[SourceVersion "1"]
[SourceVersionDate "2015.03.02"]
[SourceQuality "1"]

1. c4 e5 2. Nc3 Nf6 3. Nf3 Nc6 4. g3 Bb4 5. Bg2 0-0 6. 0-0 Bxc3 7. bxc3 d6 8. d4 e4 9. Ng5 Qe7 10. f3 exf3 11. exf3 Bf5 1/2-1/2

[Event "Lienz op-A 18th"]
[Site "Lienz"]
[Date "2015.02.07"]
[Round "1"]
[White "Korneev, Oleg"]
[Black "Neumann, Han HWM"]
[Result "1-0"]
[WhiteElo "2597"]
[BlackElo "2081"]
[PlyCount "83"]
[EventDate "2015.02.07"]
[EventType "swiss"]
[EventRounds "9"]
[EventCountry "AUT"]
[SourceTitle "CBM 164 Extra"]
[Source "ChessBase"]
[SourceDate "2015.03.02"]
[SourceVersion "1"]
[SourceVersionDate "2015.03.02"]
[SourceQuality "1"]

1. e4 c5 2. Nf3 Nc6 3. Bb5 e6 4. Bxc6 dxc6 5. d3 g6 6. Nc3 Bg7 7. e5 f5 8. exf6 Nxf6 9. Bg5 Qc7 10. Qc1 Nd5 11. Ne4 0-0 12. 0-0 b6 13. Bh6 Nf4 14. Bxf4 Rxf4 15. Re1 e5 16. a4 a5 17. Re3 Bg4 18. Nfd2 Rd8 19. Qe1 Rff8 20. f3 Be6 21. Nc4 Bxc4 22. dxc4 Qe7 23. Rd1 Rxd1 24. Qxd1 Rd8 25. Rd3 Rxd3 26. Qxd3 Bf8 27. g3 Kg7 28. h4 Qc7 29. Kf2 Be7 30. Kg2 Qd8 31. Qe2 Bf6 32. c3 Kf7 33. Kf2 Kg7 34. Ke1 Kf7 35. Nf2 Qd7 36. Qe3 Kg7 37. Ke2 Qe6 38. b3 Qd7 39. Ng4 Qd6 40. h5 g5 41. Qe4 Qd7 42. h6+ 1-0

[Event "Olympiad-37"]
[Site "Turin"]
[Date "2006.06.04"]
[Round "13"]
[White "Neumann, Han HWM"]
[Black "Faulks, Nick"]
[Result "1-0"]
[WhiteElo "2100"]
[BlackElo "2104"]
[PlyCount "59"]
[EventDate "2006.05.21"]
[EventType "team-swiss"]
[EventRounds "13"]
[EventCountry "ITA"]
[SourceTitle "CBM 113"]
[Source "ChessBase"]
[SourceDate "2006.07.31"]
[SourceVersion "1"]
[SourceVersionDate "2006.07.31"]
[SourceQuality "1"]
[WhiteTeam "Netherlands Antilles"]
[BlackTeam "Bermuda"]
[WhiteTeamCountry "AHO"]
[BlackTeamCountry "BER"]

1. e4 c5 2. Nc3 e6 3. f4 d5 4. Nf3 d4 5. Nb1 Qf6 6. d3 Nc6 7. Be2 h5 8. 0-0 Nh6 9. Ne5 g6 10. Nxc6 bxc6 11. Nd2 Ng4 12. Nf3 Bh6 13. e5 Qe7 14. Qe1 Bg7 15. Ng5 f5 16. h3 Nh6 17. b3 Nf7 18. Nf3 Bh6 19. Nh2 h4 20. Qa5 g5 21. Ba3 gxf4 22. Bxc5 Qd7 23. Rae1 Bg7 24. Nf3 Qd5 25. Nxd4 Bxe5 26. Nxc6 Ng5 27. Nxe5 Bb7 28. Bf3 Nxf3+ 29. Rxf3 Rg8 30. c4 1-0

[Event "Olympiad-37"]
[Site "Turin"]
[Date "2006.05.30"]
[Round "9"]
[White "Neumann, Han HWM"]
[Black "Moussa, Alaa Eddine"]
[Result "0-1"]
[WhiteElo "2100"]
[BlackElo "2207"]
[PlyCount "114"]
[EventDate "2006.05.21"]
[EventType "team-swiss"]
[EventRounds "13"]
[EventCountry "ITA"]
[SourceTitle "CBM 113"]
[Source "ChessBase"]
[SourceDate "2006.07.31"]
[SourceVersion "1"]
[SourceVersionDate "2006.07.31"]
[SourceQuality "1"]
[WhiteTeam "Netherlands Antilles"]
[BlackTeam "Palestine"]
[WhiteTeamCountry "AHO"]
[BlackTeamCountry "PLE"]

1. e4 c6 2. d4 d5 3. e5 c5 4. Nf3 Bg4 5. Nc3 e6 6. Be3 Nc6 7. Bb5 Nge7 8. dxc5 a6 9. Ba4 Nf5 10. Bd4 Nh4 11. Rg1 Qa5 12. Qd3 Bxf3 13. gxf3 Nf5 14. a3 Nfxd4 15. b4 Qxa4 16. Nxa4 Nxe5 17. Qc3 Ndxf3+ 18. Kf1 d4 19. Qb2 Nxg1 20. Kxg1 Be7 21. Nb6 Rd8 22. f4 Nd7 23. Nc4 0-0 24. Rd1 Bf6 25. Qb3 Nb8 26. Nd6 Rd7 27. Qf3 b6 28. Ne4 bxc5 29. Nxf6+ gxf6 30. bxc5 Rc8 31. f5 e5 32. Kh1 Rxc5 33. Qh5 Kf8 34. Qxh7 Ke7 35. Rd2 Rdc7 36. Qg8 Nd7 37. Qg2 Nb6 38. h4 Nc4 39. Re2 Ne3 40. Qa8 Nxf5 41. Rg2 Rxc2 42. Rxc2 Rxc2 43. Qb8 Rc1+ 44. Kh2 Nxh4 45. Qb4+ Ke8 46. Qb8+ Ke7 47. Qb4+ Ke6 48. Qb6+ Kf5 49. Qxa6 Nf3+ 50. Kg3 Rc3 51. Qa5 Nd2+ 52. Kf2 Kf4 53. a4 Ne4+ 54. Ke2 d3+ 55. Kd1 Rc2 56. Qb4 Kf3 57. Qb7 Rg2 0-1

[Event "Marianske Lazne op"]
[Site "Marianske Lazne"]
[Date "2006.01.27"]
[Round "8"]
[White "Macek, Kamil"]
[Black "Neumann, Han HWM"]
[Result "1/2-1/2"]
[WhiteElo "1930"]
[BlackElo "2100"]
[PlyCount "57"]
[EventDate "2006.01.21"]
[EventType "swiss"]
[EventRounds "9"]
[EventCountry "CZE"]
[SourceTitle "CBM 110 Extra"]
[Source "ChessBase"]
[SourceDate "2006.03.10"]
[SourceVersion "2"]
[SourceVersionDate "2006.03.10"]
[SourceQuality "1"]

1. e4 c5 2. Nf3 Nc6 3. d4 cxd4 4. Nxd4 e5 5. Nb3 Nf6 6. Bg5 h6 7. Bxf6 Qxf6 8. g3 Bb4+ 9. c3 Be7 10. Bg2 d6 11. Qe2 Be6 12. 0-0 g5 13. h3 a6 14. c4 Bd8 15. Na3 Bb6 16. Nc2 0-0 17. Rad1 Rad8 18. Nd2 Kg7 19. b3 h5 20. Kh2 h4 21. g4 Qf4+ 22. Kg1 Rh8 23. Qf3 Rh6 24. Qxf4 gxf4 25. Nf3 f6 26. Rd2 Kf8 27. Rfd1 Ke7 28. Bf1 Bg8 29. Bg2 1/2-1/2

[Event "Curacao op"]
[Site "Willemstad"]
[Date "2003.11.02"]
[Round "8"]
[White "Neumann, Han HWM"]
[Black "Solaroli, Riccardo"]
[Result "1-0"]
[WhiteElo "2164"]
[BlackElo "2006"]
[PlyCount "65"]
[EventDate "2003.10.25"]
[EventType "swiss"]
[EventRounds "9"]
[EventCountry "AHO"]
[SourceTitle "EXT 2004"]
[Source "ChessBase"]
[SourceDate "2003.11.25"]
[SourceVersion "1"]
[SourceVersionDate "2003.11.25"]
[SourceQuality "1"]

1. e4 d5 2. exd5 Nf6 3. d4 Nxd5 4. c4 Nb6 5. Nf3 g6 6. h3 Bg7 7. Nc3 0-0 8. Be3 Nc6 9. Qd2 e5 10. d5 Ne7 11. g4 f5 12. 0-0-0 fxg4 13. Ng5 gxh3 14. c5 Bg4 15. Bxh3 Nc4 16. Bxg4 Nf5 17. Bxf5 Rxf5 18. Ne6 Qf6 19. Qe2 Nxe3 20. fxe3 Rf2 21. Qc4 Qf3 22. Qh4 Qxe3+ 23. Kb1 h5 24. Rhe1 Qf3 25. Nxg7 Kxg7 26. Qe7+ Kh6 27. Qxe5 Qf5+ 28. Qxf5 Rxf5 29. Re7 b6 30. d6 bxc5 31. d7 Rd8 32. Re8 Rf8 33. Rxf8 1-0

[Event "Curacao op"]
[Site "Willemstad"]
[Date "2003.11.01"]
[Round "7"]
[White "Taylor Bowd, Philip J"]
[Black "Neumann, Han HWM"]
[Result "1/2-1/2"]
[WhiteElo "2031"]
[BlackElo "2164"]
[PlyCount "53"]
[EventDate "2003.10.25"]
[EventType "swiss"]
[EventRounds "9"]
[EventCountry "AHO"]
[SourceTitle "EXT 2004"]
[Source "ChessBase"]
[SourceDate "2003.11.25"]
[SourceVersion "1"]
[SourceVersionDate "2003.11.25"]
[SourceQuality "1"]

1. e4 c5 2. Nf3 Nc6 3. d4 cxd4 4. Nxd4 e5 5. Nb5 d6 6. N1c3 a6 7. Na3 Be6 8. Bc4 b5 9. Bd5 Rc8 10. Bxc6+ Rxc6 11. Nd5 Nf6 12. Nb4 Rc8 13. Qe2 Bc4 14. Nd3 d5 15. Nxc4 Rxc4 16. exd5 Re4 17. Be3 Nxd5 18. 0-0 Bd6 19. Qf3 Nf6 20. Bg5 Rc4 21. Rfe1 0-0 22. Nxe5 Bxe5 23. Rxe5 Rxc2 24. Re2 Rxe2 25. Qxe2 Re8 26. Bxf6 gxf6 27. Qc2 1/2-1/2

[Event "Curacao 40th anniv op"]
[Site "Curacao"]
[Date "2002.11.26"]
[Round "8"]
[White "Neumann, Han HWM"]
[Black "Hernandez, Alexander"]
[Result "0-1"]
[WhiteElo "2211"]
[BlackElo "2269"]
[PlyCount "154"]
[EventDate "2002.11.02"]
[EventType "swiss"]
[EventRounds "9"]
[EventCountry "AHO"]
[SourceTitle "CBM 091 Extra"]
[Source "ChessBase"]
[SourceDate "2003.01.09"]
[SourceVersion "1"]
[SourceVersionDate "2003.01.09"]
[SourceQuality "1"]

1. e4 c5 2. Nc3 g6 3. d4 Bg7 4. d5 d6 5. Nf3 Nf6 6. Be2 0-0 7. h3 Na6 8. Bf4 Nc7 9. a4 b6 10. Qd2 a6 11. Bh6 e5 12. dxe6 Bxe6 13. Bxg7 Kxg7 14. Rd1 b5 15. Qf4 b4 16. Nb1 d5 17. e5 Nfe8 18. h4 h5 19. c3 Rh8 20. c4 f6 21. Nbd2 fxe5 22. Qxe5+ Qf6 23. 0-0 Qxe5 24. Nxe5 Nf6 25. Bd3 Bf5 26. Bxf5 gxf5 27. Nb3 dxc4 28. Nxc5 Rhe8 29. Nxc4 Re2 30. Rfe1 Rae8 31. Rxe2 Rxe2 32. Rd2 Re1+ 33. Kh2 Ncd5 34. f3 f4 35. Nd3 Ra1 36. a5 b3 37. Nde5 Rc1 38. Rd3 Nc7 39. Rxb3 Nfd5 40. Rb7 Kf6 41. Nd7+ Ke6 42. Ndb6 Rc2 43. Ra7 Kf5 44. b3 Rc1 45. Nxd5 Nxd5 46. Rxa6 Ne3 47. Ra8 Nf1+ 48. Kh3 Ng3 49. Rf8+ Kg6 50. Rxf4 Ne2 51. Ne5+ Kh6 52. Rf6+ Kg7 53. Rf7+ Kg8 54. g4 Rc5 55. Rf5 hxg4+ 56. Nxg4 Rc1 57. Nf6+ Kf7 58. Ne4+ Ke6 59. Rf6+ Ke5 60. Rb6 Nf4+ 61. Kg3 Rg1+ 62. Kf2 Rg2+ 63. Kf1 Ra2 64. a6 Kd4 65. Ng5 Ke3 66. Kg1 Ra1+ 67. Kh2 Ra2+ 68. Kg1 Ra1+ 69. Kh2 Ra2+ 70. Kg1 Ne2+ 71. Kg2 Nf4+ 72. Kg1 Ne2+ 73. Kg2 Nf4+ 74. Kg1 Rg2+ 75. Kf1 Rf2+ 76. Ke1 Nd3+ 77. Kd1 Rd2# 0-1

[Event "Curacao 40th anniv op"]
[Site "Curacao"]
[Date "2002.11.25"]
[Round "7"]
[White "Popitz, Andreas"]
[Black "Neumann, Han HWM"]
[Result "0-1"]
[WhiteElo "2164"]
[BlackElo "2211"]
[PlyCount "96"]
[EventDate "2002.11.02"]
[EventType "swiss"]
[EventRounds "9"]
[EventCountry "AHO"]
[SourceTitle "CBM 091 Extra"]
[Source "ChessBase"]
[SourceDate "2003.01.09"]
[SourceVersion "1"]
[SourceVersionDate "2003.01.09"]
[SourceQuality "1"]

1. c4 e5 2. Nc3 Nf6 3. g3 Bb4 4. Bg2 0-0 5. e3 Bxc3 6. dxc3 e4 7. Qc2 Re8 8. Ne2 d6 9. 0-0 Bf5 10. Nd4 Bg6 11. b4 Nbd7 12. Nb3 Ne5 13. Nd2 Nf3+ 14. Kh1 Qd7 15. Qd1 Ne5 16. f4 exf3 17. Nxf3 Nxc4 18. Qd4 d5 19. a4 Re4 20. Qd3 Rxe3 21. Qxe3 Nxe3 22. Bxe3 Be4 23. Bd4 b6 24. a5 Rc8 25. axb6 axb6 26. Ra7 Qg4 27. Be5 c5 28. bxc5 bxc5 29. Kg1 h5 30. Bf4 Qe6 31. Ng5 Qb6 32. Rxf7 Bxg2 33. Kxg2 Qb2+ 34. Rf2 Qxc3 35. Re7 Ng4 36. Rfe2 Nf6 37. Be5 Qd3 38. Ra2 Qg6 39. Bxf6 gxf6 40. Ne6 Qe4+ 41. Kh3 Qg4+ 42. Kg2 Rb8 43. Nc7 h4 44. Nxd5 h3+ 45. Kf2 Qd4+ 46. Ne3 Rb2+ 47. Rxb2 Qxb2+ 48. Kf3 Qxh2 0-1

[Event "Olympiad-35"]
[Site "Bled"]
[Date "2002.11.02"]
[Round "8.2"]
[White "Press, Shaun"]
[Black "Neumann, Han HWM"]
[Result "1/2-1/2"]
[WhiteElo "2057"]
[BlackElo "2211"]
[PlyCount "59"]
[EventDate "2002.10.26"]
[EventType "team-swiss"]
[EventRounds "14"]
[EventCountry "SLO"]
[SourceTitle "EXT 2003"]
[Source "ChessBase"]
[SourceDate "2002.11.25"]
[SourceVersion "1"]
[SourceVersionDate "2002.11.25"]
[SourceQuality "1"]
[WhiteTeam "Papua New Guinea"]
[BlackTeam "Netherlands Antilles"]
[WhiteTeamCountry "PNG"]
[BlackTeamCountry "AHO"]

1. e4 c5 2. Nf3 Nc6 3. Nc3 g6 4. Bb5 Nd4 5. Bc4 Bg7 6. 0-0 e6 7. d3 Ne7 8. Nxd4 cxd4 9. Ne2 d5 10. exd5 Nxd5 11. Ng3 0-0 12. Qe2 f5 13. Bd2 f4 14. Ne4 f3 15. gxf3 Nf4 16. Bxf4 Rxf4 17. Ng3 Kh8 18. Bxe6 Bxe6 19. Qxe6 Qh4 20. Kg2 Raf8 21. Rae1 Rxf3 22. Qe4 Qf6 23. Re2 h5 24. Qe7 Qf4 25. Qe4 Qg5 26. h4 Qf6 27. Qe7 Qf4 28. Qg5 Qf7 29. Qe7 Qf4 30. Qg5 1/2-1/2

[Event "Curacao op"]
[Site "Willemstad"]
[Date "2001.08.04"]
[Round "9"]
[White "Alvarez Marquez, Johan"]
[Black "Neumann, Han HWM"]
[Result "1-0"]
[WhiteElo "2380"]
[BlackElo "2200"]
[PlyCount "160"]
[EventDate "2001.07.??"]
[EventType "swiss"]
[EventRounds "9"]
[EventCountry "AHO"]
[SourceTitle "EXT 2002"]
[Source "ChessBase"]
[SourceDate "2001.11.25"]
[SourceVersion "1"]
[SourceVersionDate "2001.11.25"]
[SourceQuality "1"]

1. d4 Nf6 2. c4 e6 3. Nc3 Bb4 4. e3 0-0 5. Bd3 d5 6. Nf3 c5 7. 0-0 dxc4 8. Bxc4 cxd4 9. exd4 b6 10. Bg5 Bb7 11. Qe2 Bxc3 12. bxc3 Nbd7 13. Rac1 Qc7 14. Bd3 Ng4 15. Be4 Bxe4 16. Qxe4 Ngf6 17. Qe2 Qd6 18. c4 Rfc8 19. Rfd1 h6 20. Bh4 Qf4 21. Re1 Qf5 22. Rb1 Qa5 23. Rb3 Qa4 24. Bxf6 Nxf6 25. Ne5 Rc7 26. Rg3 Rd8 27. Ng4 Nxg4 28. Qxg4 f5 29. Qh4 Rf8 30. Qxh6 Qxc4 31. h4 Qxd4 32. Qxe6+ Rcf7 33. h5 Qf6 34. Qb3 f4 35. Rg6 Qf5 36. Qf3 Kh7 37. Rge6 Rf6 38. R6e5 Qc2 39. a3 Qc8 40. Re7 R6f7 41. Qe4+ Qf5 42. Qxf5+ Rxf5 43. Rxa7 Rxh5 44. Ree7 Rg5 45. Rf7 Rxf7 46. Rxf7 Ra5 47. Rxf4 Rxa3 48. Rb4 Ra6 49. Kh2 Kg6 50. Kg3 Kf5 51. Rb5+ Ke6 52. Rg5 Kf6 53. Rb5 g6 54. Kg4 Kf7 55. f4 Kf6 56. g3 Kf7 57. Rb4 Kf6 58. Rb3 Kf7 59. Rc3 b5 60. Rc7+ Kf6 61. Rb7 Ra3 62. Rxb5 Rc3 63. Kh4 Rf3 64. Rb4 Rf1 65. Kg4 Rg1 66. Rb6+ Kg7 67. Kh4 Rh1+ 68. Kg4 Rg1 69. Rb3 Ra1 70. Kf3 Rf1+ 71. Ke4 Re1+ 72. Re3 Ra1 73. g4 Ra4+ 74. Kf3 Kf7 75. g5 Ra1 76. Rb3 Rf1+ 77. Ke4 Re1+ 78. Re3 Rf1 79. Ke5 Rf2 80. Re1 Rf3 1-0

[Event "Curacao op"]
[Site "Willemstad"]
[Date "2001.07.28"]
[Round "4"]
[White "Neumann, Han HWM"]
[Black "Glienke, Manfred"]
[Result "1/2-1/2"]
[WhiteElo "2200"]
[BlackElo "2360"]
[PlyCount "106"]
[EventDate "2001.07.??"]
[EventType "swiss"]
[EventRounds "9"]
[EventCountry "AHO"]
[SourceTitle "EXT 2002"]
[Source "ChessBase"]
[SourceDate "2001.11.25"]
[SourceVersion "1"]
[SourceVersionDate "2001.11.25"]
[SourceQuality "1"]

1. e4 e5 2. Nf3 d6 3. d4 Nf6 4. Nc3 Nbd7 5. Bc4 Be7 6. 0-0 0-0 7. Re1 c6 8. a4 a5 9. h3 Qc7 10. Qe2 h6 11. Be3 Re8 12. Qd2 Nf8 13. d5 c5 14. Nh2 Ng6 15. Be2 Rf8 16. Bg4 Nxg4 17. hxg4 Bd7 18. Ne2 Qc8 19. f3 Bh4 20. Rec1 Qd8 21. c4 Qb6 22. Qc3 Qb4 23. Qxb4 axb4 24. b3 Kh7 25. Rab1 Rfe8 26. Nf1 Ne7 27. Bf2 Bg5 28. Be3 Bf6 29. Nfg3 g6 30. Kf2 Kg7 31. Rh1 Rh8 32. Rh2 Bg5 33. Rbh1 Bxe3+ 34. Kxe3 Raf8 35. Kd2 Ng8 36. Kd3 Nf6 37. Kd2 Ra8 38. Nc1 Rh7 39. Nd3 Rah8 40. Nf2 h5 41. gxh5 Nxh5 42. Nxh5+ Rxh5 43. Rxh5 Rxh5 44. Rxh5 gxh5 45. Ke3 f5 46. exf5 Bxf5 47. Ne4 Bxe4 48. Kxe4 Kf6 49. g3 Kg5 50. a5 Kf6 51. Kd3 Kg6 52. Ke3 Kg5 53. Ke4 Kf6 1/2-1/2

[Event "Curacao op"]
[Site "Willemstad"]
[Date "2001.07.25"]
[Round "1"]
[White "Elson, Leticia"]
[Black "Neumann, Han HWM"]
[Result "0-1"]
[WhiteElo "1500"]
[BlackElo "2200"]
[PlyCount "55"]
[EventDate "2001.07.??"]
[EventType "swiss"]
[EventRounds "9"]
[EventCountry "AHO"]
[SourceTitle "EXT 2002"]
[Source "ChessBase"]
[SourceDate "2001.11.25"]
[SourceVersion "1"]
[SourceVersionDate "2001.11.25"]
[SourceQuality "1"]

1. Nf3 Nf6 2. d4 e6 3. Nbd2 b6 4. e4 Bb7 5. Bd3 d5 6. Qe2 dxe4 7. Bxe4 Nxe4 8. Nxe4 Be7 9. 0-0 0-0 10. Re1 Nd7 11. Bf4 Nf6 12. Ned2 c5 13. Qd3 Rc8 14. Rac1 Qd7 15. Be5 Qc6 16. Kf1 Rfd8 17. Bxf6 Bxf6 18. Ne4 Bxd4 19. Neg5 a6 20. Qxh7+ Kf8 21. Qh8+ Ke7 22. Qxg7 Bxg7 23. Rxe6+ fxe6 24. Nh7 Bxb2 25. Re1 Rg8 26. Re3 Bd4 27. Ra3 Qe4 28. Nhg5 0-1

[Event "Olympiad-34"]
[Site "Istanbul"]
[Date "2000.11.04"]
[Round "7.2"]
[White "Neumann, Han HWM"]
[Black "Nakapunda, Otto"]
[Result "0-1"]
[WhiteElo "2228"]
[BlackElo "2157"]
[PlyCount "128"]
[EventDate "2000.10.28"]
[EventType "team-swiss"]
[EventRounds "14"]
[EventCountry "TUR"]
[SourceTitle "EXT 2001"]
[Source "ChessBase"]
[SourceDate "2000.11.22"]
[SourceVersion "1"]
[SourceVersionDate "2000.11.22"]
[SourceQuality "1"]
[WhiteTeam "Netherlands Antilles"]
[BlackTeam "Namibia"]
[WhiteTeamCountry "AHO"]
[BlackTeamCountry "NAM"]

1. e4 c6 2. d4 d5 3. e5 Bf5 4. Nc3 e6 5. g4 Bg6 6. Nge2 h6 7. Be3 Nd7 8. h4 Ne7 9. h5 Bh7 10. f4 Nc8 11. Kf2 Ncb6 12. b3 Bb4 13. a3 Be7 14. Kg3 Rc8 15. Ng1 c5 16. Bd3 cxd4 17. Bxd4 Bxd3 18. Qxd3 a6 19. Nf3 Bc5 20. Rhe1 Bxd4 21. Nxd4 Qc7 22. Re3 0-0 23. Kh3 Nb8 24. Rg1 Nc6 25. Nce2 Nd7 26. Nxc6 Qxc6 27. Nd4 Qc7 28. g5 Nc5 29. Qe2 hxg5 30. Rxg5 Ne4 31. Rg2 Kh8 32. Kh2 Qe7 33. Qg4 Rg8 34. Rh3 Qc5 35. Qg6 Qxd4 36. Qxf7 Ng5 37. Rxg5 Rxc2+ 38. Rg2 Rxg2+ 39. Kxg2 Qe4+ 40. Kg3 Rc8 41. Kh4 Rc2 42. Rg3 Rh2+ 43. Kg5 Rg2 44. Qe8+ Kh7 45. Qg6+ Kh8 46. Qxe4 Rxg3+ 47. Kh4 dxe4 48. Kxg3 Kh7 49. Kf2 g6 50. h6 Kxh6 51. Ke3 Kh5 52. Kxe4 Kg4 53. b4 b5 54. Ke3 Kg3 55. Ke4 Kf2 56. Kd4 Kf3 57. Kc5 Kxf4 58. Kb6 g5 59. Kxa6 g4 60. Kxb5 g3 61. a4 g2 62. a5 g1Q 63. a6 Kxe5 64. Kc6 Qa7 0-1

[Event "Olympiad-34"]
[Site "Istanbul"]
[Date "2000.10.28"]
[Round "1.2"]
[White "West, Guy"]
[Black "Neumann, Han HWM"]
[Result "1/2-1/2"]
[WhiteElo "2372"]
[BlackElo "2228"]
[PlyCount "94"]
[EventDate "2000.10.28"]
[EventType "team-swiss"]
[EventRounds "14"]
[EventCountry "TUR"]
[SourceTitle "EXT 2001"]
[Source "ChessBase"]
[SourceDate "2000.11.22"]
[SourceVersion "1"]
[SourceVersionDate "2000.11.22"]
[SourceQuality "1"]
[WhiteTeam "Australia"]
[BlackTeam "Netherlands Antilles"]
[WhiteTeamCountry "AUS"]
[BlackTeamCountry "AHO"]

1. e4 c5 2. Nc3 Nc6 3. f4 g6 4. Nf3 Bg7 5. Bb5 Nd4 6. 0-0 a6 7. Be2 e6 8. e5 d5 9. b3 b5 10. Bb2 Qb6 11. a4 b4 12. a5 Qa7 13. Na4 Nxf3+ 14. Bxf3 Bd7 15. Nb6 Rd8 16. d4 Bf8 17. dxc5 Bxc5+ 18. Bd4 Qc7 19. Nxd7 Rxd7 20. Be2 Qa7 21. Bxc5 Qxc5+ 22. Rf2 Ra7 23. Qf1 Ne7 24. Bxa6 0-0 25. Qb5 Qc6 26. Qxc6 Nxc6 27. Bb5 Nxa5 28. Rff1 Rb8 29. Bd3 Rba8 30. Kf2 Kf8 31. h4 h5 32. Bb5 Rb8 33. Bd3 Rba8 34. Ra4 Nc6 35. Ra5 Rb7 36. Ra7 Rbxa7 37. Ke3 Ra5 38. Rg1 Ne7 39. g3 Nf5+ 40. Kf2 Ra2 41. Rc1 Ke7 42. Kf3 Nd4+ 43. Ke3 Nf5+ 44. Bxf5 gxf5 45. Kd4 R2a5 46. c4 bxc3 47. Rxc3 Kd7 1/2-1/2

[Event "Linz op 10th"]
[Site "Linz"]
[Date "1999.??.??"]
[Round "?"]
[White "Niedermayr, Horst"]
[Black "Neumann, Han HWM"]
[Result "1/2-1/2"]
[WhiteElo "2235"]
[BlackElo "2240"]
[PlyCount "80"]
[EventDate "1999.??.??"]
[EventType "swiss"]
[EventRounds "9"]
[EventCountry "AUT"]
[SourceTitle "EXT 2002"]
[Source "ChessBase"]
[SourceDate "2001.11.25"]
[SourceVersion "1"]
[SourceVersionDate "2001.11.25"]
[SourceQuality "1"]

1. e4 e5 2. Nc3 Nf6 3. g3 Bc5 4. Bg2 Nc6 5. h3 d6 6. d3 Be6 7. Nd5 h6 8. c3 0-0 9. Ne2 Re8 10. 0-0 Bxd5 11. exd5 Ne7 12. Qb3 Bb6 13. a4 a5 14. g4 Nh7 15. Ng3 Ng6 16. Be3 Nf4 17. Qc4 Nxg2 18. Kxg2 c6 19. dxc6 Rc8 20. Bxb6 Qxb6 21. Qb5 Qxc6+ 22. Qxc6 Rxc6 23. Rae1 Rb6 24. Re2 Nf6 25. Kh2 Nd5 26. f4 Kf8 27. fxe5 dxe5 28. Ref2 Nf4 29. d4 g5 30. dxe5 Rxe5 31. Nh5 Re4 32. Nxf4 gxf4 33. Rxf4 Rxf4 34. Rxf4 Rxb2+ 35. Kg3 b5 36. axb5 Rxb5 37. Rf6 h5 38. Ra6 hxg4 39. Kxg4 Rc5 40. h4 Kg7 1/2-1/2